What Is An Intuitive Explanation of Linear Regression?

Vysvetlenie odbornej problematiky v rámci internetovej diskusie v aplikácii Quora na tému lineárna regresia.

Salvato in:
Dettagli Bibliografici
Autore principale: Špurek, Miroslav, 1992-
Natura: Capitolo di libro
Lingua:inglese
Soggetti:
Tags: Aggiungi Tag
Nessun Tag, puoi essere il primo ad aggiungerne!!

MARC

LEADER 00000naa a2200000 4500
001 0273167
005 20240502083832.6
041 0 |a eng 
044 |a US 
245 1 0 |a What Is An Intuitive Explanation of Linear Regression?  |c Miroslav Špurek 
520 |a Vysvetlenie odbornej problematiky v rámci internetovej diskusie v aplikácii Quora na tému lineárna regresia. 
610 2 0 |a regresia 
610 2 0 |a štatistika matematická 
610 2 0 |a pojmy 
610 2 0 |a koeficient regresný 
100 1 |a Špurek, Miroslav, 1992-